000 00264nam a22001097a 4500
008 180807b xxu||||| |||| 00| 0 eng d
082 _a813.52
245 _aFour million helped in just two years
_cPPA
300 _a1
_fCD
440 _x18884PPANOW
942 _2ddc
_cMX
999 _c46895
_d46895